[Event "ROM-ch U08"]
[Site "Baile Felix"]
[Date "2017.02.03"]
[Round "2"]
[White "Mihalea, Pavel Teodor"]
[Black "Dobre, Calin Cezar"]
[Result "0-1"]
[WhiteElo "1001"]
[BlackElo "1028"]
[PlyCount "56"]
[EventDate "2017.02.02"]
[EventType "swiss"]
[EventRounds "9"]
[EventCountry "ROU"]
[SourceTitle "CBM 176 Extra"]
[Source "ChessBase"]
[SourceDate "2017.03.02"]
[SourceVersion "1"]
[SourceVersionDate "2017.03.02"]
[SourceQuality "1"]

1. e4 e5 2. Nf3 Nc6 3. Bc4 Nf6 4. Ng5 d5 5. Bd3 h6 6. Nh3 d4 7. c3 Bc5 8. b4 Bb6 9. b5 Na5 10. c4 a6 11. bxa6 bxa6 12. Ba3 Bg4 13. Be2 Bxe2 14. Qxe2 d3 15. Qe3 Bxe3 16. fxe3 Nxc4 17. Bc5 Nxe4 18. Bb4 a5 19. Bc3 Nxc3 20. Nxc3 Qh4+ 21. Nf2 h5 22. 0-0 Nxd2 23. Rfd1 Nf3+ 24. gxf3 Rh6 25. Nd5 Rc8 26. Rxd3 Rg6+ 27. Kh1 Qg5 28. Rad1 Qg2# 0-1

[Event "ROM-ch U08"]
[Site "Baile Felix"]
[Date "2017.02.02"]
[Round "1"]
[White "Dobre, Calin Cezar"]
[Black "Butolo, Alexandru Mircea"]
[Result "0-1"]
[WhiteElo "1028"]
[BlackElo "1135"]
[PlyCount "50"]
[EventDate "2017.02.02"]
[EventType "swiss"]
[EventRounds "9"]
[EventCountry "ROU"]
[SourceTitle "CBM 176 Extra"]
[Source "ChessBase"]
[SourceDate "2017.03.02"]
[SourceVersion "1"]
[SourceVersionDate "2017.03.02"]
[SourceQuality "1"]

1. e4 e6 2. Nf3 d5 3. exd5 exd5 4. d4 Bd6 5. Nc3 Be6 6. Bd3 c5 7. Bb5+ Nc6 8. 0-0 Nge7 9. Bg5 f6 10. Bh4 g5 11. Bg3 Bxg3 12. fxg3 h5 13. Kf2 g4 14. Nh4 Rf8 15. Ke1 Bd7 16. Qe2 Nxd4 17. Bxd7+ Qxd7 18. Qe3 Nxc2+ 19. Kd1 Nxe3+ 20. Kc1 Nxf1 21. Kc2 d4 22. Na4 Qxa4+ 23. Kc1 Qb4 24. Kc2 Ne3+ 25. Kc1 Qe1# 0-1

[Event "ROM-ch U08"]
[Site "Calimanesti Caciulata"]
[Date "2016.04.20"]
[Round "3"]
[White "Stanoiev, Victor Stefan"]
[Black "Dobre, Calin Cezar"]
[Result "1-0"]
[WhiteElo "1028"]
[BlackElo "1001"]
[PlyCount "59"]
[EventDate "2016.04.18"]
[EventType "swiss"]
[EventRounds "9"]
[EventCountry "ROU"]
[SourceTitle "CBM 172 Extra"]
[Source "ChessBase"]
[SourceDate "2016.06.21"]
[SourceVersion "1"]
[SourceVersionDate "2016.06.21"]
[SourceQuality "1"]

1. e4 e5 2. Nf3 Nc6 3. Bc4 Nf6 4. d3 Bb4+ 5. Nc3 0-0 6. 0-0 d6 7. Bg5 Bg4 8. Nd5 Nd4 9. Nxf6+ gxf6 10. Bh6 Re8 11. c3 Nxf3+ 12. gxf3 Bh3 13. Re1 b5 14. Bd5 Rb8 15. cxb4 c6 16. Bxc6 Kh8 17. Bxe8 Qxe8 18. Kh1 Qg8 19. Rg1 Qc8 20. Bg7+ Kg8 21. Bxf6+ Kf8 22. Rg7 d5 23. Qb3 Qe6 24. Rag1 Qxf6 25. Rg8+ Ke7 26. Qd1 Rxg8 27. Rxg8 dxe4 28. dxe4 Qf4 29. Qd8+ Ke6 30. Re8# 1-0